Statystyki dla 10 Najwartościowszych Piłkarzy do Lat 17

Kliknij tutaj aby rozwiązać quiz!

Ogólne statystyki

  • Ten quiz został rozwiązany 42 razy
    (2 od ostatniego zresetowania)
  • Średni wynik to 3 z 15

Statystyki odpowiedzi

WartośćPiłkarz% Poprawnych
75 mlnLamine Yamal
100%
55 mlnEndrick
50%
7.00 mlnLuka Vuskovic
50%
25 mlnPau Cubarsi
50%
8.00 mlnAssan Ouedraogo
0%
10 mlnEstevao
0%
8.00 mlnEthan Nwaneri
0%
10 mlnFrancesco Camarda
0%
10 mlnGeorge Ilenikhena
0%
7.50 mlnHector Fort
0%
8,50 mlnJulien Duranville
0%
15 mlnJunior Kroupi
0%
10 mlnKendry Paez
0%
22 mlnLewis Miley
0%
7.00 mlnSverre Nypan
0%

Rozkład punktacji

Percentyl według liczby udzielonych odpowiedzi

Procent ludzi z każdym wynikiem

Twoja historia wyników

Nie rozwiązałeś tego quizu od ostatniego zresetowania